Namenstage Mai - Statistiken

Allgemein
  • Dieses Quiz wurde 14 mal gespielt
  • Das Durchschnittsergebnis liegt bei 52 aus 119
Antwortstatistiken
Tag\Mai 📍 Vorname(n) % Korrekt
11. Mai J.k.b ♂️ Jakob
91%
Ph.l..p ♂️ Philipp
91%
Ph.l..p ♂️ Philipp*
91%
3. Mai Al..a.d.r ♂️ Alexander
82%
J.t.a ♀️ Jutta
82%
27. Mai A.g..t ♂️ August
73%
2. Mai B.r.s ♂️ Boris
73%
7. Mai B.r.s ♂️ Boris*
73%
8. Mai D.s.r.e ♀️ Désirée
73%
Er.k ♂️ Erik
73%
F.l.x ♂️ Felix
73%
30. Mai F.l.x ♂️ Felix*
73%
I.e.e ♀️ Irene
73%
J.r.m..s ♂️ Jeremias
73%
J.h..n ♂️ Johann
73%
12. Mai J.h.n.a ♀️ Johanna
73%
J.h...a ♀️ Johanna*
73%
16. Mai J.h.n..s ♂️ Johannes
73%
J.h..n.s ♂️ Johannes*
73%
M.x.m.l..n ♂️ Maximilian
73%
Wi.h..m ♂️ Wilhelm
73%
Yv.n.e ♀️ Yvonne
73%
27. Mai El.o.o.a ♀️ Eleonora
64%
29. Mai E.w.n ♂️ Erwin
64%
Ev.l.n ♀️ Evelin
64%
Fe.d.n..d ♂️ Ferdinand
64%
F.i.d.i.h ♂️ Friedrich
64%
25. Mai Gr.g.r ♂️ Gregor
64%
21. Mai He.m..n ♂️ Hermann
64%
He.m..n - J.s.f ♂️ Hermann-Josef
64%
J.k.b.s ♂️ Jakobus
64%
Ko.r.d ♂️ Konrad
64%
19. Mai Ko.r.d ♂️ Konrad*
64%
M.r.a..e ♀️ Marianne
64%
Ni.a ♀️ Nina
64%
S.s.n.e ♀️ Susanne
64%
26. Mai A.w.n ♂️ Alwin
55%
1. Mai A.n..d ♂️ Arnold
55%
A.g..t.n ♂️ Augustin
55%
A.g..t.n ♂️ Augustin*
55%
Ax.l ♂️ Axel
55%
15. Mai D.e.m.r ♂️ Dietmar
55%
D.e.m.r ♂️ Dietmar*
55%
Er..h ♂️ Erich
55%
G.s..a ♀️ Gisela
55%
J.l.a ♀️ Julia
55%
17. Mai Pa.c.l ♂️ Pascal
55%
Ti.a ♀️ Tina
55%
U.b.n ♂️ Urban
55%
Vi.z..z ♂️ Vinzenz
55%
Wi.b.e ♀️ Wiebke
55%
22. Mai Em.l ♂️ Emil
45%
H.l.a ♀️ Helga
45%
H.r.b..t ♂️ Heribert
45%
H.b..t ♂️ Hubert
45%
J.n..f.r ♀️ Jennifer
45%
R.g..e ♀️ Regine
45%
R.n..e ♀️ Renate
45%
R.n..e ♀️ Renate*
45%
13. Mai R.l..d ♂️ Roland
45%
U.r..h ♂️ Ulrich
45%
18. Mai Al.c.a ♀️ Alicja
36%
6. Mai A.t.n.a ♀️ Antonia
36%
20. Mai Ba.t..l.m..s ♂️ Bartholomäus
36%
23. Mai Ba.t..l.m..s ♂️ Bartholomäus*
36%
14. Mai B.n.f.t..s ♂️ Bonifatius
36%
C.a.d.a ♀️ Claudia
36%
Da.m.r ♀️ Dagmar
36%
4. Mai Fl.r..n ♂️ Florian
36%
J.n..e ♀️ Janine
36%
K.a.a ♀️ Klara
36%
Ku.o ♂️ Kuno
36%
Li.a ♀️ Lisa
36%
M.c..h..d ♀️ Mechthild
36%
Mi.a ♀️ Mira
36%
Mi.a ♀️ Mira*
36%
R.p..t ♂️ Rupert
36%
S.g..m..d ♂️ Sigismund
36%
S.g..m..d ♂️ Sigismund*
36%
S.g..d ♀️ Sigrid
36%
S.p..a ♀️ Sophia
36%
S.p..e ♀️ Sophie
36%
U.r..e ♀️ Ulrike
36%
Wa.t.r ♂️ Walter
36%
Ca.s..n | Ka.s..n ♂️ Carsten | Karsten
27%
C.r..t..n ♂️ Christian
27%
E.f..e.e ♀️ Elfriede
27%
Gu.d..a ♀️ Gundula
27%
31. Mai Hi.t..d ♀️ Hiltrud
27%
Is.d.r ♂️ Isidor
27%
Ko.s.a.t.n ♂️ Konstantin
27%
M.r.a..a ♀️ Marianna
27%
R.c..l ♀️ Rachel
27%
Ri.a ♀️ Rita
27%
S.n.a ♀️ Sonja
27%
Wi.t..d ♀️ Wiltrud
27%
24. Mai E.t..r ♀️ Esther
18%
28. Mai Ge.m.n ♂️ German
18%
G.t.h..d ♂️ Gotthard
18%
J.a.h.m ♂️ Joachim
18%
M.n..a ♀️ Monika
18%
R.i.h..d ♀️ Reinhild
18%
S.s..a ♀️♂️ Sascha
18%
S.l.e ♀️ Silke
18%
10. Mai Be.t..m ♂️ Bertram
9%
B.r.h.r.t ♂️ Burkhardt
9%
G.i.o ♂️ Guido
9%
Je.n.t.e ♀️ Jeanette
9%
Pa.k..t..s ♂️ Pankratius
9%
R.g.h..d ♀️ Ragnhild
9%
Se.v.t..s ♂️ Servatius
9%
Th.k.a ♀️ Thekla
9%
T.m.a ♀️ Timea
9%
9. Mai Be.t ♂️ Beat
0%
C.r..a ♀️ Corona
0%
5. Mai G.d.h..d ♂️ Godehard
0%
M.m..t.s ♂️ Mamertus
0%
St.n..l..s ♂️ Stanislaus
0%
V.l.m.r ♂️ Volkmar
0%
Keine übereinstimmenden Quizze gefunden
Verteilung der Resultate
Anzahl Personen mit jedem Resultat
Perzentil nach korrekt beantworteten Fragen
Ihre Resultats-Entwicklung
Sie haben dieses Quiz noch nicht gespielt